Abnormal psychology (Record no. 226965)

MARC details
000 -LEADER
fixed length control field 00971nam a22002297a 4500
005 - DATE AND TIME OF LATEST TRANSACTION
control field 20230316103811.0
008 - FIXED-LENGTH DATA ELEMENTS--GENERAL INFORMATION
fixed length control field 230310b ||||| |||| 00| 0 eng d
020 ## - INTERNATIONAL STANDARD BOOK NUMBER
International Standard Book Number 9789353063115
040 ## - CATALOGING SOURCE
Transcribing agency AL
041 ## - LANGUAGE CODE
Language code of text/sound track or separate title eng
082 ## - DEWEY DECIMAL CLASSIFICATION NUMBER
Edition number 23
Classification number 616.89
Item number NEVA
100 ## - MAIN ENTRY--PERSONAL NAME
Personal name Jeffrey S Nevid
9 (RLIN) 74896
245 ## - TITLE STATEMENT
Title Abnormal psychology
Remainder of title : In a changing
250 ## - EDITION STATEMENT
Edition statement 10th ed.
260 ## - PUBLICATION, DISTRIBUTION, ETC.
Place of publication, distribution, etc. India
Name of publisher, distributor, etc. Pearson
Date of publication, distribution, etc. 2020
300 ## - PHYSICAL DESCRIPTION
Extent xvii,668p.
Other physical details PB
Dimensions 25x20cm.
365 ## - TRADE PRICE
Source of price type code General
Price type code 8202
Price amount ₹956.00
Currency code
Unit of pricing ₹1195.00
Price note 20%
Price effective from 3-03-2023
520 ## - SUMMARY, ETC.
Summary, etc. Brand New International Paper-back Edition same as per description, **Economy edition, May have been printed in Asia with cover stating Not for sale in US. Legal to use despite any disclaimer on cover. Save Money. Contact us for any queries. Best Customer Support! All Orders shipped with Tracking Number.
650 ## - SUBJECT ADDED ENTRY--TOPICAL TERM
Source of heading or term Psychology
Topical term or geographic name entry element Abnormal Psychology
9 (RLIN) 74897
700 ## - ADDED ENTRY--PERSONAL NAME
Personal name Rathus, Spencer A; Greene, Beverly.
9 (RLIN) 74898
942 ## - ADDED ENTRY ELEMENTS (KOHA)
Source of classification or shelving scheme Dewey Decimal Classification
Koha item type Book
Holdings
Withdrawn status Lost status Source of classification or shelving scheme Damaged status Not for loan Collection code Home library Current library Date acquired Source of acquisition Cost, normal purchase price Total Checkouts Full call number Barcode Date last seen Date last checked out Cost, replacement price Price effective from Koha item type
    Dewey Decimal Classification     Corporate Psychology St Aloysius PG Library St Aloysius PG Library 03/08/2023 Biblios Book Point 956.00 3 616.89 NEVA PG024280 04/27/2026 04/13/2026 1195.00 03/10/2023 Book